| 000 | 02120nam0a2200337 4500 | ||
|---|---|---|---|
| 001 | RU\NLR\BIBL_A\022732345 | ||
| 005 | 20260517063445.0 | ||
| 021 |
_aRU _bКН-П-25-081435 _9КН-П-25-7887 |
||
| 035 | _a(NLR Aleph) 022732345 | ||
| 090 |
_a13696765 _c13696765 |
||
| 100 | _a20260219d2025 u y0rusy50 ca | ||
| 101 | 0 |
_arus _aeng _glat |
|
| 102 | _aRU | ||
| 105 | _aac z 000zy | ||
| 181 | 0 |
_ai3 _baxxe |
|
| 182 | 0 | _an | |
| 200 | 1 |
_aVivat, crescat, floreat! _eистория международных отношений Пермского университета _esince 1916 _fМинистерство науки и высшего образования Российской Федерации, Федеральное государственное автономное образовательное учреждение высшего образования "Пермский государственный национальный исследовательский университет _gсоставители А. В. Пустовалов [и др.] _gглавный редактор В. Я. Призюк |
|
| 203 |
_aТекст _bвизуальный _cнепосредственный |
||
| 210 |
_aПермь _cPerm University press _d2025 |
||
| 215 |
_a275 с. _cил., цв. ил. _d22 |
||
| 300 | _aЧасть текста парал. на рус. и англ. яз. | ||
| 601 | 0 | 2 |
_aПермский государственный национальный исследовательский университет _xМеждународное сотрудничество _92705732 _3RU\NLR\AUTH\6601769401 |
| 686 | 1 | _aЧ484(2Р-4Пе)7ж | |
| 702 | 1 |
_aПустовалов _bА. В. _gАлексей Васильевич _4220 |
|
| 702 | 1 |
_aПризюк _bВ. Я. _gВиталий Ярославович _4340 |
|
| 711 | 0 | 2 |
_aПермский государственный национальный исследовательский университет _9285379 _3RU\NLR\AUTH\8810198282 |
| 942 | _cBOOK | ||
| 980 | _aNB | ||